Recopilación de leyes de la Nueva Granada: formada i publicada en cumplimiento de la lei de 4 de mayo de 1848 i por comisión del poder ejecutivo

Kaydedildi:
Detaylı Bibliyografya
Yazar: Pombo, Lino de (Yazar)
Materyal Türü: Kitap
Dil:İspanyolca
Latince
Baskı/Yayın Bilgisi: Bogotá Zoilo Salazar 1845
Konular:
Etiketler: Etiketle
Etiket eklenmemiş, İlk siz ekleyin!

MARC

LEADER 00000nam a2200000 a 4500
001 UCR1431
003 CL-VaPUC
008 971219e18450200CK |||||||||||||||||spa|d
041 0 7 |a spa  |2 CL-VaPUC 
041 0 7 |a lat  |2 CL-VaPUC 
082 0 4 |a 342.986  |b POM  |2 21 
100 0 |a Pombo, Lino de  |e author  |9 398507 
245 1 0 |a Recopilación de leyes de la Nueva Granada: formada i publicada en cumplimiento de la lei de 4 de mayo de 1848 i por comisión del poder ejecutivo 
300 |a 541 p 
942 |c BK 
945 |d 19971219 00:00:00  |a cmena 
260 |a Bogotá  |b Zoilo Salazar  |c 1845 
650 7 |a DERECHO COLOMBIANO  |2 CL-VaPUC  |9 385468 
650 0 |a Derecho civil  |9 255013 
650 0 |a Derecho Indiano  |9 256266 
650 0 |a Administración pública   |9 255343 
650 7 |a LEGISLACION  |2 CL-VaPUC  |9 398508 
650 0 |a Jurisprudencia  |9 255952 
650 0 |a Historia del derecho  |9 255109 
650 7 |a DERECHO PENAL  |2 CL-VaPUC  |9 11 
650 0 |a Delitos  |9 224143 
650 0 |a Instrumento público   |9 384474 
650 7 |a EMPLEADOS PUBLICOS  |2 CL-VaPUC  |9 256133 
651 0 |a Colombia  |9 256424 
583 |a last modification  |c 19971219 00:00:00  |k Rodrigo Vera 
999 |c 264833  |d 264831 
952 |0 0  |1 0  |4 0  |6 342_986000000000000_POM_1845  |7 0  |8 DER_HDC  |9 295343  |a BIBDER  |b BIBDER  |d 2019-11-20  |i 1922807  |o 342.986 POM 1845  |p 1922807  |r 2023-01-25  |w 2019-11-20  |x Ubicación 4to Piso  |y BK_X  |z Estos recursos deben solicitarse con anticipación  |k DER